000 00712nam a2200289Ia 4500
005 20260324133737.0
008 008 260324s9999 xx 000 0 eng d
020 _a9780203487587
037 _aEBOOK
040 _aCRL
040 _beng
040 _cCRL
041 _2eng
041 _aeng
084 _qCRL
100 _aMayra Gomez
_91194228
245 0 _aHuman Rights in Cuba, El Salvador and Nicaragua
245 2 _bA Sociological Perspective on Human Rights Abuse
260 _bTaylor and Francis
260 _c2003
365 _a
365 _b230
856 _uhttp://www.taylorfrancis.com/books/9780203487587
942 _cEBOOK
999 _c1793599
_d1793599